000 00784cam a22002653a 4500
001 4977
003 PGUSA
005 20140828083112.0
008 040101s2004||||xxu|||||s|||||000 | eng d
040 _aPGUSA
_beng
042 _adc
050 4 _aPQ
100 1 _aRegnard, Jean François,
_d1655-1709
245 1 4 _aThe McNaughtens
_h[electronic resource] /
_cJean François Regnard
260 _bProject Gutenberg,
_c2004
500 _a"A play based on the Menechemes of Regnard."
506 _aCopyrighted. Read the copyright notice inside this book for details.
516 _aElectronic text
653 _aComedies
653 _aDrama
700 1 _aMorlock, Frank J.
830 0 _aProject Gutenberg
_v4977
856 4 0 _uhttp://www.gutenberg.org/ebooks/4977
942 _cEB
999 _c234306
_d234306